000 00661nam a22002297a 4500
001 17790
003 BD-RjUL
005 20211209000207.0
008 140219s1992 ii a|||| |||| 001 0 eng d
020 _a8171004407
035 _a(BD-RjUL)17848
040 _aBD-RjUL
_beng
_cBD-RjUL
041 _aeng
082 0 4 _a338.9
_bPRO 1992
_221
245 0 0 _aProject formulation and implementation /
_cedited by Devendra Thakur.
260 _aNew Delhi :
_bDeep & Deep,
_c1992.
300 _ax, 422 p. :
_bill., graf., tab. ;
_c22 cm.
504 _aIncludes index.
650 0 _aEconomic development.
_956168
700 1 _aThakur, Devendra.
_916723
942 _2ddc
_cBK
999 _c17790
_d17790